| 000 | 00726nam a2200205Ia 4500 | ||
|---|---|---|---|
| 005 | 20251020182609.0 | ||
| 008 | 200515s9999 xx 000 0 und d | ||
| 082 | _aSC/621.3/R78 | ||
| 100 | _aROLDAN, José | ||
| 245 | 0 | _aManual de medidas eléctricas | |
| 250 | _a4a ed. | ||
| 260 | _aBarcelona | ||
| 260 | _c1975 | ||
| 300 | _a128 | ||
| 520 | _aAparatos de medida son dispositivos destinados a realizar la medición de las magnitudes eléctricas. Por ser muchas las magnitudes eléctricas a medir, los aparatos son muchos y muy variados, desde sencillos en conexiones y funcionamiento, hasta muy complej | ||
| 650 | _aINSTALACIONES ELECTRICAS | ||
| 650 | _aMANUALES | ||
| 650 | _aMEDIDAS ELECTRICAS | ||
| 942 | _cLIB | ||
| 999 |
_c3272 _d3272 |
||